Qu'elle est le titre de cette musique de Josman - Statistiques

Statistiques générales
  • Ce quiz a été pris 1 611 fois
  • Le résultat moyen est 7 sur 20
Statistiques - réponses
Hint Réponse % Correct
Mon ressentis ne changent pas, ça m'inquiète J'ai d'l'amour mais y a la haine qui empiète Oh, Seigneur, on où va? Dans nos ies-t? Souvenirs dans la fumée, les remords aux oubliettes Intro
87%
J'suis avec celle que je voulais C'est ma partner dans la ride Avec elle, j'suis plus mature Avec elle, j'corrige mes ratures xs
84%
Si elle donne son boule pour un bout d'shit J'défais pas la ceinture Gucci J'ai soufflé, allumé plein d'bougies J'baise plus que des bad and boujee Goal
67%
Baby, tu sais bien que j'ai pas le time, tu connais mon lifestyle Tant qu'on est encore jeunes Viens, on le fait pour le fun Lifestyle
56%
Même quand la pression cherche à m'mettre sur les rotules, j'me relève et j'prends du recul J'gobbe pas la pilule, j'suis toujours incrédule Les humeurs qui basculent, au pas de la pendule Le cœur en minuscule, le seum en majuscule Dans mes yeux, y a l'monde qui tourne et qui brûle brûle
50%
J'pense à tout et j'pense à rien En vrai, j'pense qu'à ton bien En vrai, j'pense qu'à tes yeux Quand ils regardent les miens au bout
48%
'pourrais pas changer la Terre mais j'mets ma pierre à l'édifice On tisse et on défait les liens, y a des valeurs auxquelles je tiens J'pense aux enfants du monde et j'pense aux enfants des miens La Plaie
34%
Ouais j'suis là que pour tes fesses J'pas trop le time, faut que j'encaisse J'me suis promis qu'j'connaîtrais plus la hess J'ai des cicatrices qui me blessent sec
32%
J'pensais aux zéros sur le bulletin, ah yeah Ma mère aimerait m'voir sourire Mais c'est la merde, j'dois m'nourrir Certains aimeraient m'voir pourrir Ces fils de putes doivent mourir, yo Loto
30%
J'ai l'œil du faucon les crocs du pitbull J'ai zoné, traîné, dormi sur le bitume J'ai pris des bonnes et mauvaises habitudes J'ai pris des bonnes et des mauvaises décisions Décisions
29%
32 dents contre l'État, contrôle faciès problème ratio J'marche seul deux anges qui me soutiennent Les erreurs nous appartiennent, j'traine tard les mains dans les poches J'pense qu'à doubler c'qu'еlle contiennent AhGars!
28%
J'connais tes peurs, j'connais ton cœur, j'connais ton corps par cœur Tu connais mes peurs, tu connais mon cœur, tu connais mon corps par cœur C'est pour ça qu'on s'obstine, baby Toxxxic
23%
On m'dit qu'j'protège trop mon cœur Mais j'ai eu trop bon cœur J'suis blessé en profondeur Mes sourires sont trompeurs Albiceleste
22%
Yo, regarde comment j'suis devenu drôlement clean Avec elle j'ai trop envie d'être trop gentil, j'suis devenu romantique Elle est mon énergie, me donne des ailes comme Red Bull Mon corps frissonne quand elle bouge, parfois j'rigole quand elle boude Mon âme
22%
J'sais qu't'aimerais tout savoir, en vrai j'suis pas si méchant C'est juste j'me suis trop fait avoir Et dans la vie on contrôlе rien, au fond tout est aléatoire Mais quand on m'disait "laissе tomber", j'répondais "tu vas voir" La Danse De La Joie
19%
Putain d'merde elle est folle elle, faut qu'j'parte avec son phone-tel Faudrait p't-être qu'j'la fasse danser, fonce et arrête de penser Fais voir comment tu danses, si tu savais à quoi j'pense J't'aime bien, ça va d'soi, faut qu'j'rentre avec toi WOW
18%
J'ai connu violence, douleur et douceur, amour et haine, sourires et peines et parfois j'ai aimé ça Baby, j'suis dans mon ieu-p, j'téma mes iMessages J'suis ienb, j'ai fumé ça, yeah yeah yeah yeah yeah High Life
14%
Ça m'arrache les paupières et j'ai un r'gard plus austère J'me tais si on m'fait parler ou j'parle quand il faut s'taire J'suis du-per dans mon veau-cer J'suis juste un autre noir, c'est notoire l'Occasion
14%
Yeah ma fierté recouvre tout un tas de remords Je pense à mon passé je prie pour un futur en or yeah Désolé Mi Amor yeah je n'ai plus d'amour en stock Et je fais pas de réassort nan stop!
8%
J'ai fumé sa teu-ch' et j'ai fumé ma keush, j'suis défoncé comme si j'étais un gueush T'as la boca, j'peux même parler en guèsh, j'te connaissais pas quand c'était la dèche J'voulais d'jà tout niquer depuis la crèche, puis j'ai tout niqué, même niqué ton crush Argent, Drogue & Sexe
7%
Aucun quiz correspondant
Distribution des résultats
% des personnes avec chaque résultat
Percentile par nombre de réponses
Votre historique - résultats
Vous n’avez pas pris ce quiz